000 00442nam a2200157Ia 4500
003 GCL
008 140319s9999 xx 000 0 eng d
040 _aGCL /
_cGCL
082 0 4 _a150
_bM I
100 1 _aMARX, MELVIN H
245 1 0 _aINTRODUCTION TO PSYCHOLOGY: PROBLEMS, PROCEDURES AND PRINCIPLES /
_cMARX, MELVIN H
260 _a[S.N] :
_bMC CLANAHAN BOOK COMPANY ،
_c1976
300 _a753 P
650 0 4 _aPERSONALITY
942 _2ddc
_cBK
999 _c14813
_d14813